Technical training directory for SMIs : June 1999 - June 2000.
| Corporate Author: | |
|---|---|
| Format: | Book |
| Published: |
Petaling Jaya:
SMIDEC,
1999.
|
| Subjects: |
| LEADER | 00485cam a2200133 7i4500 | ||
|---|---|---|---|
| 001 | 0000007289 | ||
| 005 | 19991216090000.0 | ||
| 090 | 0 | 0 | |a M 607.025 |b MAL |
| 110 | 1 | 0 | |a Malaysia(: |c Small and Medium Industries Development Corporation) |
| 245 | 0 | 0 | |a Technical training directory for SMIs : |b June 1999 - June 2000. |
| 260 | 0 | 0 | |a Petaling Jaya: |b SMIDEC, |c 1999. |
| 300 | # | # | |a 46 p. |
| 651 | 0 | 0 | |a Malaysia xTechnical Training -- |x Directories |
| 999 | |a 0000010734 |b Directories |c Malaysia |e Business Information Centre | ||